000 00749nmm a2200229Ia 4500
008 251105s9999||||xx |||||||||||||||||und||
020 _a9788498951448
041 _aspa
100 _aLópez Izquierdo, Marta
245 0 _aTrivialidades literarias :
_b Reflexiones en torno a la literatura de entretenimiento
264 _a[Madrid, España] :
_bVisor Libros,
_c2013
300 _a550 páginas
490 _aBiblioteca Filológica Hispana
650 _aLiterary History
700 _aLópez Izquierdo, Marta
700 1 _a López Izquierdo, Marta
700 1 _a Castillo Lluch, Mónica
700 1 _a Castillo Lluch, Mónica
700 1 _a Parra Membrives, Eva
856 _uhttps://public.digitaliapublishing.com/a/24143
942 _cCF
999 _c67996
_d67996